| 000 | 00402nam a22001697a 4500 | ||
|---|---|---|---|
| 005 | 20160623112859.0 | ||
| 008 | 160623b xxu||||| |||| 00| 0 eng d | ||
| 020 | _a978-0-670-08283-4 | ||
| 041 | _aeng | ||
| 082 | _b9094 | ||
| 100 |
_aMurthy, N. R. Narayan _92570 |
||
| 245 | _aA belter India, A betler world | ||
| 260 |
_bPanguan _c2009 |
||
| 300 | _a290 | ||
| 650 |
_aManagement _9241 |
||
| 942 | _cBK | ||
| 999 |
_c3665 _d3664 |
||